000 01499na a2200385 4500
999 _c7180
_d7180
001 19822
003 MIRAKIL
005 20210324115243.0
008 161227b tu 000 0
035 _a19822
040 _aMilas
_btur
_cTR-AnCHP
041 _atur
082 _aCHP 324.2372
_bK44ö 2015
090 _aBROŞÜR 175
100 _aKılıçdaroğlu, Kemal
_cCHP Genel Başkanı
240 _aÖnce Türkiye
_fKasım 2015
245 _aÖnce Türkiye
_bÖnce sendikal haklar
_c[Kemal Kılıçdaroğlu]
_k[broşür]
246 _aÖnce sendikal haklar
260 _aAnkara
_bCHP
_c2015
300 _aktl. broşür
_brnkl. fotg.
_c20x19 sm.
440 _aCumhuriyet Halk Partisi yayınları
_pÖnce Türkiye dizisi
600 _aKılıçdaroğlu, Kemal
_xPropaganda ve ideolojiler
_ySendika politikaları
600 _aKılıçdaroğlu, Kemal
_cCHP Genel Başkanı
_xSeçim kampanyaları, 2015
_ySendikal haklar
610 _aCHP
_xSeçim kampanyaları, 2015
_ySendika politikaları
610 _aCHP
_xSendikal örgütlenme
_yÇözüm önerileri
610 _aCHP
_xPropaganda ve ideolojiler
_yGenel seçimler, 2015
_yKılıçdaroğlu dönemi
651 _aTürkiye
_xSiyaset ve yönetim
_y2015-
740 _aÖnce sendikal haklar
830 _aÖnce Türkiye dizisi
830 _aCHP broşürleri
942 _2ddc
_cBKS
999 _d7180